Normal view
MARC view
- Sigalov, E
Entry Personal Name
001 - CONTROL NUMBER
- control field: 7624
003 - CONTROL NUMBER IDENTIFIER
- control field: OSt
005 - DATE AND TIME OF LATEST TRANSACTION
- control field: 20250707115042.0
008 - FIXED-LENGTH DATA ELEMENTS
- fixed length control field: 250707|| aca||aabn | a|a d
040 ## - CATALOGING SOURCE
- Original cataloging agency: OSt
- Transcribing agency: OSt
100 ## - HEADING--PERSONAL NAME
- Personal name: Sigalov, E
670 ## - SOURCE DATA FOUND
- Source citation: Work cat.: (OSt)1363: Baikov, V . 7623, Reinforced concrete structures , 1981.
